000 00379nam a22001697a 4500
003 MPLRDC
005 20220104123308.0
008 210129b ||||| |||| 00| 0 eng d
082 _a857.6 TR-4
100 _a陶然
245 _a追寻
_c
250 _a初版
260 _a
_b香港上海书局
_c1979
300 _b
650 _a短篇小说
942 _cBK
_o857.6 TR-4
999 _c10148
_d10138